<?xml version="1.0" encoding="UTF-8"?>
<record
    xmlns:xsi="http://www.w3.org/2001/XMLSchema-instance"
    xsi:schemaLocation="http://www.loc.gov/MARC21/slim http://www.loc.gov/standards/marcxml/schema/MARC21slim.xsd"
    xmlns="http://www.loc.gov/MARC21/slim">

  <leader>02167nam0a2200313   4500</leader>
  <controlfield tag="001">RU\NLR\BIBL_A\022735855</controlfield>
  <controlfield tag="005">20260319163031.0</controlfield>
  <datafield tag="010" ind1=" " ind2=" ">
    <subfield code="a">978-5-7696-6992-7</subfield>
    <subfield code="9">1000</subfield>
  </datafield>
  <datafield tag="021" ind1=" " ind2=" ">
    <subfield code="a">RU</subfield>
    <subfield code="b">&#x41A;&#x41D;-&#x41F;-25-081702</subfield>
    <subfield code="9">&#x41A;&#x41D;-&#x41F;-25-7913</subfield>
  </datafield>
  <datafield tag="035" ind1=" " ind2=" ">
    <subfield code="a">(NLR Aleph) 022735855</subfield>
  </datafield>
  <datafield tag="090" ind1=" " ind2=" ">
    <subfield code="a">13639681</subfield>
    <subfield code="c">13639681</subfield>
  </datafield>
  <datafield tag="100" ind1=" " ind2=" ">
    <subfield code="a">20260225d2025    u  y0rusy50      ca</subfield>
  </datafield>
  <datafield tag="101" ind1="0" ind2=" ">
    <subfield code="a">rus</subfield>
    <subfield code="a">sah</subfield>
  </datafield>
  <datafield tag="102" ind1=" " ind2=" ">
    <subfield code="a">RU</subfield>
  </datafield>
  <datafield tag="105" ind1=" " ind2=" ">
    <subfield code="a">a   z   000 y</subfield>
  </datafield>
  <datafield tag="181" ind1=" " ind2="0">
    <subfield code="a">i </subfield>
    <subfield code="b">axxe  </subfield>
  </datafield>
  <datafield tag="182" ind1=" " ind2="0">
    <subfield code="a">n</subfield>
  </datafield>
  <datafield tag="200" ind1="1" ind2=" ">
    <subfield code="a">&#x425;&#x430;&#x431;&#x44B;&#x43B;&#x430;&#x43D;&#x434;&#x44B; &#x431;&#x430;&#x430;&#x442;&#x44B;&#x440;</subfield>
    <subfield code="e">&#x43A;&#x430;&#x437;&#x430;&#x445; &#x431;&#x430;&#x430;&#x442;&#x44B;&#x440;&#x434;&#x44B;&#x44B; &#x44D;&#x43F;&#x43E;h&#x430;</subfield>
    <subfield code="f">&#x420;&#x43E;&#x441;&#x441;&#x438;&#x44F; &#x424;&#x435;&#x434;&#x435;&#x440;&#x430;&#x446;&#x438;&#x44F;&#x442;&#x44B;&#x43D; &#x42E;&#x41D;&#x415;&#x421;&#x41A;&#x41E; &#x434;&#x44C;&#x44B;&#x430;&#x43B;&#x430;&#x43B;&#x430;&#x440;&#x44B;&#x433;&#x430;&#x440; &#x445;&#x430;&#x43C;&#x44B;&#x44B;h&#x44B;&#x439;&#x430;&#x442;&#x430;, "&#x410;&#x430;&#x43D; &#x434;&#x43E;&#x439;&#x434;&#x443; &#x43D;&#x43E;&#x440;&#x443;&#x43E;&#x442;&#x442;&#x430;&#x440;&#x44B;&#x43D; &#x44D;&#x43F;&#x43E;&#x441;&#x442;&#x430;&#x440;&#x430;"&#x43D;&#x43E;&#x440;&#x443;&#x43E;&#x442;&#x442;&#x430;&#x440; &#x438;&#x43A;&#x43A;&#x438; &#x430;&#x440;&#x434;&#x44B;&#x43B;&#x430;&#x440;&#x44B;&#x43D;&#x430;&#x430;&#x495;&#x44B; &#x430;&#x441;&#x441;&#x43E;&#x446;&#x438;&#x430;&#x446;&#x438;&#x44F;, &#x410;&#x43B;&#x44C;-&#x424;&#x430;&#x440;&#x430;&#x431;&#x438; &#x430;&#x430;&#x442;&#x44B;&#x43D;&#x430;&#x43D; &#x41A;&#x430;&#x437;&#x430;&#x445; &#x43D;&#x430;&#x446;&#x438;&#x43E;&#x43D;&#x430;&#x43B;&#x44C;&#x43D;&#x430;&#x439;&#x443;&#x43D;&#x438;&#x432;&#x435;&#x440;&#x441;&#x438;&#x442;&#x435;&#x442;&#x430;, &#x421;&#x430;&#x445;&#x430; &#x472;&#x440;&#x473;&#x441;&#x43F;&#x4AF;&#x4AF;&#x43B;&#x4AF;&#x43A;&#x44D;&#x442;&#x438;&#x43D; &#x418;&#x43B; &#x414;&#x430;&#x440;&#x445;&#x430;&#x43D;&#x44B;&#x43D; &#x438;h&#x438;&#x43D;&#x44D;&#x43D; "&#x41E;&#x43B;&#x43E;&#x43D;&#x445;&#x43E;" &#x41D;&#x430;&#x446;&#x438;&#x43E;&#x43D;&#x430;&#x43B;&#x44C;&#x43D;&#x430;&#x439; &#x442;&#x44D;&#x440;&#x438;&#x439;&#x44D;&#x440; &#x43A;&#x44D;&#x43C;&#x438;&#x442;&#x438;&#x44D;&#x442;, &#x41C;. &#x41A;. &#x410;&#x43C;&#x43C;&#x43E;&#x441;&#x43E;&#x432; &#x430;&#x430;&#x442;&#x44B;&#x43D;&#x430;&#x43D; &#x425;&#x43E;&#x442;&#x443;&#x433;&#x443;&#x43B;&#x443;&#x443;-&#x418;&#x43B;&#x438;&#x4A5;&#x4A5;&#x438; &#x444;&#x435;&#x434;&#x435;&#x440;&#x430;&#x43B;&#x44C;&#x43D;&#x430;&#x439; &#x443;&#x43D;&#x438;&#x432;&#x435;&#x440;&#x441;&#x438;&#x442;&#x435;&#x442;</subfield>
    <subfield code="g">&#x41A;&#x430;&#x437;&#x430;&#x445; XIX-XX &#x4AF;&#x439;&#x44D;&#x43B;&#x44D;&#x440;&#x438;&#x43D;&#x44D;&#x44D;&#x495;&#x438; &#x430;&#x43A;&#x44B;&#x43D;&#x430;&#x440;&#x44B;&#x43D; &#x430;&#x439;&#x44B;&#x43C;&#x43D;&#x44C;&#x44B;&#x43B;&#x430;&#x440;&#x44B;&#x433;&#x430;&#x440; &#x43E;&#x43B;&#x43E;&#x495;&#x443;&#x440;&#x430;&#x43D; &#x41D;&#x443;&#x440;&#x43C;&#x430;&#x433;&#x430;&#x43C;&#x431;&#x435;&#x442;&#x43E;&#x432;&#x430; &#x41E;. &#x410;. &#x443;&#x43E;&#x43D;&#x43D;&#x430; &#x41A;&#x438;&#x434;&#x430;&#x439;&#x448;-&#x41F;&#x43E;&#x43A;&#x440;&#x43E;&#x432;&#x441;&#x43A;&#x430;&#x44F; &#x41D;. &#x412;. &#x445;&#x43E;&#x43C;&#x443;&#x439;&#x430;&#x43D; &#x43E;&#x4A5;&#x43E;&#x440;&#x443;&#x443;&#x43B;&#x430;&#x440;&#x430;, &#x43D;&#x443;&#x443;&#x447;&#x447;&#x430;&#x43B;&#x44B;&#x44B; &#x442;&#x44B;&#x43B;&#x431;.</subfield>
    <subfield code="g">&#x416;&#x438;&#x440;&#x43A;&#x43E;&#x432; &#x410;. &#x41D;., &#x422;&#x43E;&#x440;&#x43E;&#x442;&#x43E;&#x435;&#x432; &#x413;. &#x413;., &#x41A;&#x438;&#x440;&#x438;&#x43B;&#x43B;&#x438;&#x43D; &#x422;. &#x421;. &#x43D;&#x443;&#x443;&#x447;&#x447;&#x430;&#x43B;&#x44B;&#x44B;&#x442;&#x442;&#x430;&#x43D; &#x441;&#x430;&#x445;&#x430;&#x43B;&#x44B;&#x44B; &#x442;&#x44B;&#x43B;&#x431;.</subfield>
    <subfield code="g">&#x410;&#x43B;&#x438;&#x43C;&#x445;&#x430;&#x43D; &#x421;&#x43C;&#x430;&#x433;&#x443;&#x43B;&#x43E;&#x432; &#x438;&#x43B;&#x43B;&#x44E;&#x441;&#x442;&#x440;&#x430;&#x446;&#x438;&#x44F;&#x43B;&#x430;&#x440;&#x430;</subfield>
  </datafield>
  <datafield tag="203" ind1=" " ind2=" ">
    <subfield code="a">&#x422;&#x435;&#x43A;&#x441;&#x442;</subfield>
    <subfield code="b">&#x432;&#x438;&#x437;&#x443;&#x430;&#x43B;&#x44C;&#x43D;&#x44B;&#x439;</subfield>
    <subfield code="c">&#x43D;&#x435;&#x43F;&#x43E;&#x441;&#x440;&#x435;&#x434;&#x441;&#x442;&#x432;&#x435;&#x43D;&#x43D;&#x44B;&#x439;</subfield>
  </datafield>
  <datafield tag="210" ind1=" " ind2=" ">
    <subfield code="a">&#x414;&#x44C;&#x43E;&#x43A;&#x443;&#x443;&#x441;&#x43A;&#x430;&#x439;</subfield>
    <subfield code="c">&#x410;&#x439;&#x430;&#x440;</subfield>
    <subfield code="d">2025</subfield>
  </datafield>
  <datafield tag="215" ind1=" " ind2=" ">
    <subfield code="a">340,[2] &#x441;.</subfield>
    <subfield code="c">&#x438;&#x43B;.</subfield>
    <subfield code="d">30</subfield>
  </datafield>
  <datafield tag="225" ind1="1" ind2=" ">
    <subfield code="a">&#x42D;&#x43F;&#x438;&#x447;&#x435;&#x441;&#x43A;&#x438;&#x435; &#x43F;&#x430;&#x43C;&#x44F;&#x442;&#x43D;&#x438;&#x43A;&#x438; &#x43D;&#x430;&#x440;&#x43E;&#x434;&#x43E;&#x432; &#x43C;&#x438;&#x440;&#x430;</subfield>
  </datafield>
  <datafield tag="541" ind1="1" ind2=" ">
    <subfield code="a">&#x41A;&#x43E;&#x431;&#x43B;&#x430;&#x43D;&#x434;&#x44B; &#x431;&#x430;&#x442;&#x44B;&#x440;</subfield>
    <subfield code="e">&#x43A;&#x430;&#x437;&#x430;&#x445;&#x441;&#x43A;&#x438;&#x439; &#x433;&#x435;&#x440;&#x43E;&#x438;&#x447;&#x435;&#x441;&#x43A;&#x438;&#x439; &#x44D;&#x43F;&#x43E;&#x441;</subfield>
    <subfield code="z">rus</subfield>
  </datafield>
  <datafield tag="686" ind1="1" ind2=" ">
    <subfield code="a">&#x428;3(257=&#x41A;&#x430;&#x437;)-611</subfield>
  </datafield>
  <datafield tag="702" ind1=" " ind2="1">
    <subfield code="a">&#x416;&#x438;&#x440;&#x43A;&#x43E;&#x432;</subfield>
    <subfield code="b">&#x410;. &#x41D;.</subfield>
    <subfield code="g">&#x410;&#x43B;&#x435;&#x43A;&#x441;&#x430;&#x43D;&#x434;&#x440; &#x41D;&#x438;&#x43A;&#x43E;&#x43B;&#x430;&#x435;&#x432;&#x438;&#x447;</subfield>
    <subfield code="4">220</subfield>
  </datafield>
  <datafield tag="702" ind1=" " ind2="1">
    <subfield code="a">&#x421;&#x43C;&#x430;&#x433;&#x443;&#x43B;&#x43E;&#x432;</subfield>
    <subfield code="b">&#x410;.</subfield>
    <subfield code="g">&#x410;&#x43B;&#x438;&#x43C;&#x445;&#x430;&#x43D;</subfield>
    <subfield code="4">440</subfield>
  </datafield>
  <datafield tag="942" ind1=" " ind2=" ">
    <subfield code="c">BOOK</subfield>
  </datafield>
  <datafield tag="980" ind1=" " ind2=" ">
    <subfield code="a">NB</subfield>
  </datafield>
</record>
